UK Residential Research Bulletin (Record no. 106618)

MARC details
000 -LEADER
fixed length control field 01530cam a2200217 4500
001 - CONTROL NUMBER
control field L137045
008 - FIXED-LENGTH DATA ELEMENTS--GENERAL INFORMATION
fixed length control field 070312s2003 xxk f 000 0 eng d
035 ## - SYSTEM CONTROL NUMBER
System control number (Sirsi) u137045
041 0# - LANGUAGE CODE
Language code of text/sound track or separate title eng
050 04 - LIBRARY OF CONGRESS CALL NUMBER
Classification number 333.33 $2 18
110 2# - MAIN ENTRY--CORPORATE NAME
Corporate name or jurisdiction name as entry element Savills
9 (RLIN) 2020
245 00 - TITLE STATEMENT
Title UK Residential Research Bulletin
Remainder of title Autumn 2003
Medium [electronic resource]
260 ## - PUBLICATION, DISTRIBUTION, ETC.
Place of publication, distribution, etc. London
Name of publisher, distributor, etc. Savills
Date of publication, distribution, etc. 2003
490 #0 - SERIES STATEMENT
Series statement Savills UK Residential Research Bulletin
Volume/sequential designation Autumn 2003
520 ## - SUMMARY, ETC.
Summary, etc. Advice and predictions on the UK housing market. Canny investors and home owners should start to consider the long term pressures on the housing market. Out-performance in a low house price growth world will be tricky. Adding space to a home is the best value added option. Cosmetic makeovers do little to add real value. Consideration needs to be paid to the growing cost of constantly rebuilding ageing housing stock and how changing patterns of demand could affect prices for certain property types. In low density suburbia we could see areas where the actual value of a house is lower than the value of the plot the house stands on.
650 24 - SUBJECT ADDED ENTRY--TOPICAL TERM
Topical term or geographic name entry element SAVILLS UK RESIDENTIAL RESEARCH BULLETIN
651 #4 - SUBJECT ADDED ENTRY--GEOGRAPHIC NAME
Geographic name United Kingdom
Chronological subdivision
690 ## - LOCAL SUBJECT ADDED ENTRY--TOPICAL TERM (OCLC, RLIN)
Topical term or geographic name as entry element PROPERTY-RESIDENTIAL PROPERTY-RESIDENTIAL PROPERTY MARKET
856 48 - ELECTRONIC LOCATION AND ACCESS
Uniform Resource Identifier <a href="https://www.savills.co.uk/research/reports.asp?daterange=2003%2F07%2C2003%2F12%2F31&category=Residential&dateFrom=2003%2F07&dateTo=2003%2F12%2F31&selectedtext=2003%2F07%2C2003%2F12%2F31">https://www.savills.co.uk/research/reports.asp?daterange=2003%2F07%2C2003%2F12%2F31&category=Residential&dateFrom=2003%2F07&dateTo=2003%2F12%2F31&selectedtext=2003%2F07%2C2003%2F12%2F31</a>
Public note View the bulletin free of charge at www.savills.co.uk...
942 ## - ADDED ENTRY ELEMENTS (KOHA)
Suppress in OPAC 0
Holdings
Withdrawn status Lost status Source of classification or shelving scheme Damaged status Not for loan Home library Current library Shelving location Date acquired Total Checkouts Full call number Barcode Date last seen Copy number Price effective from Koha item type
    Dewey Decimal Classification     Virtual Virtual Online 12/03/2007   ONLINE PUBLICATION 137045-1001 06/08/2019 1 06/08/2019 Book